A Colour Atlas of Parotidectomy / (Record no. 5867)
[ view plain ]
| 000 -LEADER | |
|---|---|
| fixed length control field | 01404nam a2200313Mi 4500 |
| 003 - CONTROL NUMBER IDENTIFIER | |
| control field | OSt |
| 005 - DATE AND TIME OF LATEST TRANSACTION | |
| control field | 20220629121948.0 |
| 008 - FIXED-LENGTH DATA ELEMENTS--GENERAL INFORMATION | |
| fixed length control field | 220629b ||||| |||| 00| 0 eng d |
| 020 ## - INTERNATIONAL STANDARD BOOK NUMBER | |
| International Standard Book Number | 0723410062 |
| 040 ## - CATALOGING SOURCE | |
| Transcribing agency | ALUPE UNIVERSITY |
| 050 ## - LIBRARY OF CONGRESS CALL NUMBER | |
| Classification number | RD527 |
| Item number | .H63 1983 |
| 100 1# - MAIN ENTRY--PERSONAL NAME | |
| Personal name | Hobsley, Michael, |
| Relator term | author. |
| Relationship | aut |
| -- | http://id.loc.gov/vocabulary/relators/aut |
| 245 12 - TITLE STATEMENT | |
| Title | A Colour Atlas of Parotidectomy / |
| Statement of responsibility, etc. | Michael Hobsley. |
| 250 ## - EDITION STATEMENT | |
| Edition statement | Reprint 2021. |
| 264 #1 - PRODUCTION, PUBLICATION, DISTRIBUTION, MANUFACTURE, AND COPYRIGHT NOTICE | |
| Place of production, publication, distribution, manufacture | London : |
| Name of producer, publisher, distributor, manufacturer | Wolfe Medical Publications Ltd, |
| 264 #4 - PRODUCTION, PUBLICATION, DISTRIBUTION, MANUFACTURE, AND COPYRIGHT NOTICE | |
| Date of production, publication, distribution, manufacture, or copyright notice | c1983 |
| 300 ## - PHYSICAL DESCRIPTION | |
| Extent | 96 p. |
| Other physical details | col. ill.; |
| Dimensions | 18cm. |
| Accompanying material | 1 online resource |
| 336 ## - CONTENT TYPE | |
| Content type term | text |
| Content type code | txt |
| Source | rdacontent |
| 337 ## - MEDIA TYPE | |
| Media type term | computer |
| Media type code | c |
| Source | rdamedia |
| 338 ## - CARRIER TYPE | |
| Carrier type term | online resource |
| Carrier type code | cr |
| Source | rdacarrier |
| 347 ## - DIGITAL FILE CHARACTERISTICS | |
| File type | text file |
| Encoding format | |
| Source | rda |
| 490 0# - SERIES STATEMENT | |
| Series statement | Single surgical procedures ; |
| Volume/sequential designation | 1 |
| 505 00 - FORMATTED CONTENTS NOTE | |
| Title | Frontmatter -- |
| -- | Contents -- |
| -- | Dedication -- |
| -- | Acknowledgements -- |
| -- | Introduction -- |
| -- | Indications for parotidectomy -- |
| -- | Total conservative parotidectomy -- |
| -- | Superficial parotidectomy with a variation in technique -- |
| -- | Variation if there has been a previous operation -- |
| -- | Other parotidectomy operations -- |
| -- | Complications -- |
| -- | Index |
| 546 ## - LANGUAGE NOTE | |
| Language note | In German. |
| 588 0# - SOURCE OF DESCRIPTION NOTE | |
| Source of description note | Description based on online resource; title from PDF title page (publisher's Web site, viewed 24. Mrz 2021). |
| 650 #7 - SUBJECT ADDED ENTRY--TOPICAL TERM | |
| Topical term or geographic name entry element | MEDICAL / Endocrinology & Metabolism. |
| Source of heading or term | bisacsh |
| 776 18 - ADDITIONAL PHYSICAL FORM ENTRY | |
| Qualifying information | |
| International Standard Book Number | 9783112417775 |
| 942 ## - ADDED ENTRY ELEMENTS (KOHA) | |
| Source of classification or shelving scheme | |
| Koha item type | References |
| Suppress in OPAC | AB |
| Withdrawn status | Lost status | Source of classification or shelving scheme | Damaged status | Not for loan | Permanent Location | Current Location | Shelving location | Date acquired | Source of acquisition | Total Checkouts | Full call number | Barcode | Date last seen | Price effective from | Koha item type | Public note |
|---|---|---|---|---|---|---|---|---|---|---|---|---|---|---|---|---|
| AU LIBRARY | AU LIBRARY | Reference | 29.06.2022 | DONATION FROM MOI UNIVERSITY | RD527 .H63 1983 | 28008175 | 29.06.2022 | 29.06.2022 | Book | AB |